Hiển hoa bí tử : Dành cho sinh viên ban Cử nhân vạn vật, ban Dược học, và ban Nông lâm

Uloženo v:
Podrobná bibliografie
Hlavní autor: Phạm, Hoàng Hộ
Médium: Kniha
Jazyk:Undetermined
Vydáno: Sài Gòn Trung Tâm Học Liệu 1975
Témata:
Tagy: Přidat tag
Žádné tagy, Buďte první, kdo otaguje tento záznam!
Thư viện lưu trữ: Trung tâm Học liệu Trường Đại học Cần Thơ
LEADER 00585nam a2200181Ia 4500
001 CTU_8819
008 210402s9999 xx 000 0 und d
082 |a 583 
082 |b H450/1975 
100 |a Phạm, Hoàng Hộ 
245 0 |a Hiển hoa bí tử : 
245 0 |b Dành cho sinh viên ban Cử nhân vạn vật, ban Dược học, và ban Nông lâm 
245 0 |c Phạm Hoàng Hộ 
260 |a Sài Gòn 
260 |b Trung Tâm Học Liệu 
260 |c 1975 
650 |a Angiosperms 
980 |a Trung tâm Học liệu Trường Đại học Cần Thơ